MARC

LEADER 00000nam0a2200000 4500
001 288627
005 20231102000116.0
035 |a (RuTPU)RU\TPU\book\313106 
090 |a 288627 
100 |a 20150326d1985 k y0rusy50 ca 
101 0 |a rus 
102 |a RU 
105 |a a z 001zy 
200 1 |a Численные модели плазмы и процессы пересоединения  |f Ю. А. Березин, Г. И. Дудникова 
210 |a Москва  |c Наука  |d 1985 
215 |a 125 с.  |c ил. 
320 |a Библиогр.: с. 121-125 
606 1 |a Плазма  |x Математическое моделирование  |2 stltpush  |3 (RuTPU)RU\TPU\subj\48902  |9 67720 
610 1 |a численные модели 
610 1 |a динамика 
610 1 |a пересоединение 
610 1 |a кинетические модели 
610 1 |a плоская геометрия 
675 |a 533.9  |v 3 
700 1 |a Березин  |b Ю. А. 
701 1 |a Дудникова  |b Г. И. 
702 1 |a Шокин  |b Ю. И.  |4 340 
712 0 2 |a Академия наук СССР (АН СССР)  |b Сибирское отделение (СО)  |b Институт теоретической и прикладной механики (ИТПМ)  |b (Новосибирск)  |2 stltpush  |3 (RuTPU)RU\TPU\col\11503 
801 1 |a RU  |b 63413507  |c 20150326 
801 2 |a RU  |b 63413507  |c 20180320  |g RCR 
942 |c BK